Т. 50, вып. 6; Биомедицинская химия

Dades bibliogràfiques
Parent link:Биомедицинская химия: научно-технический журнал/ Российская академия медицинских наук (РАМН). Т. 50, вып. 6.— , 2003-.— 0042-8809
Idioma:rus
Publicat: 2004
Format: MixedMaterials Llibre
KOHA link:https://koha.lib.tpu.ru/cgi-bin/koha/opac-detail.pl?biblionumber=395228

MARC

LEADER 00000nam2a2200000 4500
001 395228
005 20231101064606.0
035 |a (RuTPU)RU\TPU\prd\32418 
090 |a 395228 
100 |a 20050207a20049999k y0rusy50 ca 
101 0 |a rus 
102 |a RU 
200 0 |a Т. 50, вып. 6 
210 |d 2004 
461 1 |0 (RuTPU)RU\TPU\prd\20069  |x 0042-8809  |t Биомедицинская химия  |o научно-технический журнал  |f Российская академия медицинских наук (РАМН)  |v Т. 50, вып. 6  |d 2003- 
801 0 |a RU  |b 63413507  |c 20010227  |g PSBO 
801 1 |a RU  |b 63413507  |c 20050207  |g PSBO 
801 2 |a RU  |b 63413507  |c 20131107  |g RCR 
942 |c BK 
999 |a НТБ_ТПУ  |b НФ  |e -1/20050104  |p П-9323  |s 1/20040407  |u 0,00  |v 1